Statistiques concernant Le Monde par lettre - D

Cliquez ici pour prendre le quiz!

Statistiques générales

  • Ce quiz a été pris 338 fois
  • Le résultat moyen est 9 sur 15

Statistiques - réponses

IndicesRéponses% Correct
Inverse de gaucheDroite
97%
Principal parti politique contre les Républicains aux États-UnisDémocrate
93%
Inverse de derrièreDevant
93%
Prénom du président américain actuelDonald
88%
Signification du D dans RD CongoDémocratique
86%
Elle a commencé cette année et se terminera en 2029Décennie
70%
Période amorcée par plusieurs pays suivant le confinementDéconfinement
62%
Signification du D dans IDHDéveloppement
60%
Pays dans les Caraïbes considéré comme l'un des plus touchés par les changements climatiquesDominique
60%
Capitale du Timor-Oriental (4 lettres)Dili
54%
Septième ville la plus peuplée d'AllemagneDusseldorf
50%
Huitième ville la plus peuplée d'AllemagneDortmund
42%
Première ville économique et industrielle de l'Ukraine anciennement connue sous le nom de StalinoDonetsk
32%
Signification du D dans COVID-19Disease
23%
Ville la plus peuplée du monde commençant par DDacca
22%

Distribution des résultats

Percentile par nombre de réponses

% des personnes avec chaque résultat

Votre développement - résultats

Vous n’avez pas pris ce quiz